Tous les cantons de l'Isère sur une carte - Statistiques

Statistiques générales
  • Ce quiz a été pris 256 fois
  • Le résultat moyen est 12 sur 29
Réponses sur la Carte
Les réponses sont colorées sur une échelle allant du rouge au vert en fonction du pourcentage des utilisateurs qui les ont devinées à leur premier essai. Vous pouvez retrouver ces pourcentages ci-dessous.
 
Statistiques - réponses
Canton % Correct
Grenoble-1
93%
Grenoble-2
93%
Grenoble-3
93%
Grenoble-4
93%
Vienne-1
73%
Vienne-2
73%
Voiron
66%
Bourgoin-Jallieu
64%
La Tour-du-Pin
64%
Le Pont-de-Claix
50%
Échirolles
46%
Saint-Martin-d'Hères
46%
Meylan
35%
Fontaine-Seyssinet
33%
Fontaine-Vercors
33%
L'Isle-d'Abeau
32%
Oisans-Romanche
28%
Roussillon
28%
Chartreuse-Guiers
25%
Morestel
22%
Tullins
22%
Charvieu-Chavagneux
21%
La Verpillière
19%
Bièvre
18%
Matheysine-Trièves
16%
Le Sud-Grésivaudan
14%
Haut-Grésivaudan
13%
Le Grand-Lemps
13%
Le Moyen-Grésivaudan
12%
Aucun quiz correspondant
Distribution des résultats
% des personnes avec chaque résultat
Percentile par nombre de réponses
Votre historique - résultats
Vous n’avez pas pris ce quiz